| 000 | 00373 a2200145 4500 | ||
|---|---|---|---|
| 005 | 20250627140637.0 | ||
| 020 | _a978-0-07-328148-3 | ||
| 082 | _a330.9 SLA | ||
| 100 | _aSLAVIN, L . S | ||
| 245 | _aMacroeconomics | ||
| 250 | _a8th Ed. | ||
| 260 |
_aBoston _bMcGraw-Hill Irwin _c2008. |
||
| 300 |
_axxi,519p.: ill.; figures, tables _bIndex, Glossary _c27cm |
||
| 942 |
_2ddc _cBKS |
||
| 999 |
_c5672 _d5672 |
||